<?xml version="1.0" encoding="UTF-8"?>
<record
    xmlns:xsi="http://www.w3.org/2001/XMLSchema-instance"
    xsi:schemaLocation="http://www.loc.gov/MARC21/slim http://www.loc.gov/standards/marcxml/schema/MARC21slim.xsd"
    xmlns="http://www.loc.gov/MARC21/slim">

  <leader>00958nam a22001817a 4500</leader>
  <controlfield tag="005">20250808120133.0</controlfield>
  <datafield tag="010" ind1=" " ind2=" ">
    <subfield code="a">HIN-130206</subfield>
  </datafield>
  <datafield tag="020" ind1=" " ind2=" ">
    <subfield code="a">97893992176685</subfield>
    <subfield code="c">1850.00</subfield>
  </datafield>
  <datafield tag="035" ind1=" " ind2=" ">
    <subfield code="a">HN-102552</subfield>
  </datafield>
  <datafield tag="037" ind1=" " ind2=" ">
    <subfield code="b">DBAD</subfield>
  </datafield>
  <datafield tag="082" ind1=" " ind2=" ">
    <subfield code="a">810.08</subfield>
  </datafield>
  <datafield tag="245" ind1=" " ind2=" ">
    <subfield code="a">&#x915;&#x93E;&#x932;&#x93F;&#x926;&#x93E;&#x938; &#x930;&#x91A;&#x928;&#x93E;&#x935;&#x932;&#x940; </subfield>
    <subfield code="c">&#x938;&#x941;&#x927;&#x93E;&#x902;&#x936;&#x941; &#x91A;&#x924;&#x941;&#x930;&#x94D;&#x935;&#x947;&#x926;&#x940;- &#x938;&#x902;&#x92A;&#x93E;&#x926;&#x915; &#x926;&#x94D;&#x935;&#x93E;&#x930;&#x93E; </subfield>
    <subfield code="b">&#x915;&#x93E;&#x932;&#x93F;&#x926;&#x93E;&#x938; &#x915;&#x940; &#x938;&#x92E;&#x938;&#x94D;&#x924; &#x930;&#x91A;&#x928;&#x93E;&#x913;&#x902; &#x915;&#x93E; &#x917;&#x926;&#x94D;&#x926;&#x928;&#x941;&#x935;&#x93E;&#x926; </subfield>
  </datafield>
  <datafield tag="260" ind1=" " ind2=" ">
    <subfield code="a">&#x928;&#x92F;&#x940; &#x926;&#x93F;&#x932;&#x94D;&#x932;&#x940; </subfield>
    <subfield code="b">&#x926;&#x930;&#x93F;&#x92F;&#x93E; &#x917;&#x902;&#x91C; </subfield>
  </datafield>
  <datafield tag="270" ind1=" " ind2=" ">
    <subfield code="a">&#x92A;&#x94D;&#x932;&#x93E;&#x91F; &#x928;. 28 , &#x917;&#x928;&#x947;&#x936; &#x928;&#x917;&#x930; &#x915;&#x93E;&#x932;&#x94B;&#x928;&#x940; </subfield>
    <subfield code="b">&#x928;&#x92F;&#x940; &#x926;&#x93F;&#x932;&#x94D;&#x932;&#x940; </subfield>
    <subfield code="e">110002</subfield>
    <subfield code="k">9395314841</subfield>
  </datafield>
  <datafield tag="300" ind1=" " ind2=" ">
    <subfield code="a">591&#x92A;&#x943;.</subfield>
    <subfield code="c">23&#x938;&#x947;&#x92E;&#x940; (&#x938;&#x91C;&#x93F;&#x932;&#x94D;&#x926; )</subfield>
  </datafield>
  <datafield tag="700" ind1=" " ind2=" ">
    <subfield code="a">&#x91A;&#x924;&#x941;&#x930;&#x94D;&#x935;&#x947;&#x926;&#x940;, &#x938;&#x941;&#x927;&#x93E;&#x902;&#x936;&#x941;- &#x938;&#x902;&#x92A;&#x93E;&#x926;&#x915; &#x926;&#x94D;&#x935;&#x93E;&#x930;&#x93E; </subfield>
    <subfield code="9">83980</subfield>
  </datafield>
  <datafield tag="942" ind1=" " ind2=" ">
    <subfield code="2">ddc</subfield>
    <subfield code="c">HN</subfield>
    <subfield code="h">810.08</subfield>
    <subfield code="m">&#x91A;&#x924;&#x941;&#x930;&#x94D;&#x935;&#x947;</subfield>
    <subfield code="e">&#x92A;&#x94D;&#x930;&#x925;&#x92E;</subfield>
  </datafield>
  <datafield tag="999" ind1=" " ind2=" ">
    <subfield code="c">212965</subfield>
    <subfield code="d">212965</subfield>
  </datafield>
</record>
